| 000 | 00457nam a22001817a 4500 | ||
|---|---|---|---|
| 003 | NUST - PNEC | ||
| 005 | 20170116180920.0 | ||
| 008 | 150904b xxu||||| |||| 00| 0 eng d | ||
| 020 | _a- | ||
| 040 | _cLIBRARY | ||
| 082 | _a621.3133 KEM | ||
| 100 |
_97765 _aKemp, Philip |
||
| 245 |
_aAlternating current electrical engineering _cPhilip Kemp |
||
| 250 | _a9th ed. | ||
| 260 | _cc.1958 | ||
| 650 |
_97770 _aElectrical Engineering _xEE |
||
| 942 |
_2ddc _cBK |
||
| 999 |
_c65613 _d65613 |
||